=LDR 00000nam 2200000 4500 =001 INLIS000000000030585 =005 20130612132722 =008 ***********************************Ind** =035 ##$$0010-061300000030585 =041 ##$$a Ind =082 ##$$a 790.192 2 =090 ##$$a 790.192 2, Gra k =100 ##$$a Gray, Ethne =245 ##$$a Kreasi dan ekspreasi melalui permainan, 33 permainan untuk tua dan muda tanpa beaya dengan bahan cuma-cuma, Ethne gray =260 ##$$a 1979 $b Jakarta =300 ##$$a 48 hlm, ilus, 22 cm =650 ##$$a Kreasi dan Ekspresi =850 ##$$a NBPNMAT